000 00259nam a2200109Ia 4500
008 240109s9999 xx 000 0 und d
041 _aeng
100 _aEdwin B.Flippo.
245 _aPersonnel Management.
260 _bMcGrow Hill
650 _aManagement
999 _c1019904
_d1019904